000 00728nam a2200229 u 4500
005 20240831063724.0
008 090330s2003 es r 000 0 spa d
020 _a8426348459
035 _aUPN01000170154
049 _aI
050 4 _aPZ75
_bG3.73
100 1 _aGarcía Domínguez, Ramón,
_d1943-
_931764
245 1 0 _aRenata toca el piano, estudia inglés y etcétera, etcétera, etcétera /
_cRamón García Domínguez ; il. Javier Zabala.
260 _aMadrid :
_bEdelvives,
_c2003.
300 _a139 p. :
_bil.
440 0 _aAla delta.
_pAzul ;
_v9
586 _a"III Premio Ala Delta"
650 4 _aCuentos infantiles españoles
_97725
650 2 _aTiempo libre
_94888
905 _aInfantil
999 _c142260
_d142260